000 00748nam a2200265Ia 4500
005 20260302114458.0
008 008 260114s9999 xx 000 0 eng d
020 _a9781501320507
037 _aTextbook
040 _aCRL
040 _beng
040 _cCRL
041 _2eng
041 _aeng
084 _qCRL
100 _aScott Cowdell, Chris Fleming, Joel Hodge, and Mathias Moosbrugger
_91118888
245 0 _aRené Girard and Raymund Schwager Correspondence 1974-1991
260 _bBloomsbury
260 _bBloomsbury Academic
260 _c2016
650 _aPhilosophy
856 _uhttps://dx.doi.org/10.5040/9781501320507?locatt=label:secondary_bloomsburyCollections
942 _cEBOOK
999 _c1682695
_d1682695